000 00325nam a2200133Ia 4500
008 100328s9999 xx 000 0 und d
082 _b64393
100 _aसाने शुभदा.
245 _aतरंग.
260 _bसानिया.
630 _aतरंग.
730 _aतरंग.
942 _cBOOK
999 _c550187
_d550184